Agricultural policies in China after WTO accession

Guardado en:
Detalles Bibliográficos
Formato: Libro
Lenguaje:inglés
Publicado: Paris OECD 2002
Colección:China in the global economy
Materias:
Etiquetas: Agregar Etiqueta
Sin Etiquetas, Sea el primero en etiquetar este registro!

MARC

LEADER 00000nam a2200000 4500
001 c141295
005 20221124091654.5
020 |a 92-64-19886-5 
041 0 |a eng 
044 |a FR 
245 1 0 |a Agricultural policies in China after WTO accession 
264 1 |a Paris  |b OECD  |c 2002 
300 |a 321 s. 
490 1 |a China in the global economy 
830 0 |a China in the global economy 
610 2 0 |a poľnohospodárstvo 
610 2 0 |a roľníci 
610 2 0 |a príjmy 
610 2 0 |a politika poľnohospodárska 
610 2 0 |a reformy 
610 2 0 |a trh 
610 2 0 |a ceny 
610 2 0 |a integrácia ekonomická 
610 2 0 |a tarify colné 
610 2 0 |a dovoz 
610 2 0 |a financie 
610 2 0 |a infraštruktúra 
610 2 0 |a politika úverová 
610 2 0 |a Čína 
610 2 0 |a Svetová obchodná organizácia